Accessing all areas (Record no. 74481)

MARC details
000 -LEADER
fixed length control field 01112cam a2200193 4500
001 - CONTROL NUMBER
control field X126918
008 - FIXED-LENGTH DATA ELEMENTS--GENERAL INFORMATION
fixed length control field 040723n2004 000 0 eng u
035 ## - SYSTEM CONTROL NUMBER
System control number (Sirsi) u126918
100 ## - MAIN ENTRY--PERSONAL NAME
Personal name Trevelyan, L.
245 ## - TITLE STATEMENT
Title Accessing all areas
260 ## - PUBLICATION, DISTRIBUTION, ETC.
Date of publication, distribution, etc. 2004
490 ## - SERIES STATEMENT
Series statement Law Society's Gazette
Volume/sequential designation 101(28) 15 July 2004, 26-27(2)
520 ## - SUMMARY, ETC.
Summary, etc. Examines the implications for law firms of the amendments to the Disability Discrimination Act 1995 (DDA), coming into effect in October 2004. The DDA will add extra employment responsibilities to all businesses employing 15 people or fewer and oblige them to make their offices physically accessible to the disabled. It is also being extended beyond employees to other people and professions not previously covered, including several relevant to the legal sector. Warns legal firms should make sure they comply with the DDA.
650 ## - SUBJECT ADDED ENTRY--TOPICAL TERM
Topical term or geographic name entry element MANAGEMENT-BUSINESS MANAGEMENT-DISCRIMINATION-DISABILITY DISCRIMINATION-ACCESSIBILITY
650 ## - SUBJECT ADDED ENTRY--TOPICAL TERM
Topical term or geographic name entry element DISABILITY DISCRIMINATION ACT 1995
650 ## - SUBJECT ADDED ENTRY--TOPICAL TERM
Topical term or geographic name entry element DISABILITY
690 ## - LOCAL SUBJECT ADDED ENTRY--TOPICAL TERM (OCLC, RLIN)
Topical term or geographic name as entry element BUILT ENVIRONMENT-CONSTRUCTION DESIGN
942 ## - ADDED ENTRY ELEMENTS (KOHA)
Suppress in OPAC 0
Holdings
Withdrawn status Lost status Source of classification or shelving scheme Damaged status Not for loan Home library Current library Shelving location Date acquired Total Checkouts Full call number Barcode Date last seen Copy number Price effective from Koha item type
    Dewey Decimal Classification     London London Journal article 23/07/2004   X126918 126918-1001 06/08/2019 1 06/08/2019 Journal article